"Scrum lídr" vytváří prostředí, aby v něm vznikaly nápady

Zuzana Šochová je reprezentantkou novej generácie žien v IT, ktorá bola ako jediná európska zástupkyňa zvolená za novú členku "board of directors" globálnej organizácie Scrum Alliance. Popisuje, ako metódu scrum použiť pre tímovú spoluprácu a lepší výsledok pre zákazníka.

Guardado en:
Detalles Bibliográficos
Autor principal: Kejhová, Hana
Formato: Capítulo de libro
Lenguaje:checo
Materias:
Etiquetas: Agregar Etiqueta
Sin Etiquetas, Sea el primero en etiquetar este registro!

MARC

LEADER 00000naa a2200000 4500
001 0234030
005 20170628085825.8
041 0 |a cze 
044 |a CZ 
245 1 0 |a "Scrum lídr" vytváří prostředí, aby v něm vznikaly nápady  |c Hana Kejhová 
520 |a Zuzana Šochová je reprezentantkou novej generácie žien v IT, ktorá bola ako jediná európska zástupkyňa zvolená za novú členku "board of directors" globálnej organizácie Scrum Alliance. Popisuje, ako metódu scrum použiť pre tímovú spoluprácu a lepší výsledok pre zákazníka. 
610 2 0 |a lídri 
610 2 0 |a manažéri 
610 2 0 |a tímy pracovné 
610 2 0 |a komunikácia 
610 2 0 |a zákazníci 
610 2 0 |a väzba spätná 
610 2 0 |a kooperácia 
100 1 |a Kejhová, Hana